Industrialization And Economic Development in India/ (Record no. 190994)

MARC details
000 -LEADER
fixed length control field 00597nam a22001817a 4500
005 - DATE AND TIME OF LATEST TRANSACTION
control field 20220817105626.0
010 ## - LCCN (DPL NO)
LC control number ENG-134448
020 ## - INTERNATIONAL STANDARD BOOK NUMBER
International Standard Book Number 9789387871915
Terms of availability 500.00
035 ## - SYSTEM CONTROL NUMBER
System control number EN-117980
037 ## - SOURCE OF ACQUISITION
Source of stock number/acquisition DBAD/PUB
082 ## - DEWEY DECIMAL CLASSIFICATION NUMBER
Classification number 338.954
100 ## - MAIN ENTRY--PERSONAL NAME
Personal name Ramya, A.
245 ## - TITLE STATEMENT
Title Industrialization And Economic Development in India/
Statement of responsibility, etc A. Ramya
260 ## - PUBLICATION, DISTRIBUTION, ETC. (IMPRINT)
Place of publication, distribution, etc Madurai
Name of publisher, distributor, etc Shanlax Publications
Date of publication, distribution, etc 2020
270 ## - ADDRESS
Address 61, 66 T.P.K. Main Road, Vasantha Nagar
City Madurai
Postal code 625003
Telephone number 0452-4208765
Electronic mail address publisher@shanlaxpublications.com
300 ## - PHYSICAL DESCRIPTION
Extent 313p.
Dimensions 22cm(pbk)
942 ## - ADDED ENTRY ELEMENTS (KOHA)
Source of classification or shelving scheme Dewey Decimal Classification
Item type English Books
Classification part 338.954
Call number suffix RAM
Holdings
Withdrawn status Lost status Not for loan Collection code Home library Current library Date acquired Source of acquisition Cost, normal purchase price Full call number Barcode Copy number Cost, replacement price Koha item type
      Non-fiction Ashok Vihar Ashok Vihar 17/08/2022 DBAD/PUB 500.00 338.954 RAM EN-117980 1 500.00 English Books

© Delhi Public Library
Hit Counter
free hit counter